[Event "Selestat op 17th"]
[Site "Selestat"]
[Date "2010.02.20"]
[Round "5"]
[White "Gonneau, Patrick"]
[Black "Lenz, Matthias"]
[Result "0-1"]
[WhiteElo "1852"]
[BlackElo "2030"]
[PlyCount "22"]
[EventDate "2010.02.18"]
[EventType "swiss"]
[EventRounds "7"]
[EventCountry "FRA"]
[SourceTitle "EXT 2012"]
[Source "ChessBase"]
[SourceDate "2011.11.24"]
[SourceVersion "1"]
[SourceVersionDate "2011.11.24"]
[SourceQuality "1"]

1. a3 e5 2. e4 Nf6 3. Nc3 d5 4. exd5 Nxd5 5. Qh5 Nf6 6. Qxe5+ Be7 7. Qe2 0-0 8. Qd1 Bc5 9. f3 Qd4 10. Qe2 Re8 11. Ne4 Nxe4 0-1